Statistics for Star Wars Trivia for experts

Click here to take the quiz!

General Stats

  • This quiz has been taken 1,004 times
    (996 since last reset)
  • The average score is 10 of 23

Answer Stats

QuestionAnswer% Correct
The clone troopers are clones of who?Jango Fett
97%
What is the name of Boba Fetts ship?Slave 1
68%
Over what planet was Chancellor Palpatine held hostage?Coruscant
67%
Who blockaded Naboo in The Phantom Menace?The Trade Federation
66%
On what planet are the Seperatist leaders killed?Mustafar
65%
What is the name of the other charecter that is of the same species as Yoda?Yaddle
63%
What driods defend themselves with blast shields?Droidekas
62%
What is the name of Darth Maul's brother?Savage Opress
58%
What planet was General Grievous killed on?Utapau
58%
What is Count Dooku's Sith name?Darth Tyrannus
55%
What is the name of the afterlife Jedi spirits?Force Ghosts
53%
Name of the alien race that runs the Kamino cloning facility?Kaminoan
51%
What droid does Chewbacca scare on the Death Star?Mouse droid
50%
What droid has blaster on its forearm?Super battle droid
46%
Who killed Kit Fisto?The Emperor
38%
On which planet was Ki Adi Mundi killed during order 66?Mygeeto
37%
What is the name of General Grievous' flag ship?The Invisible Hand
37%
What is the name of Han Solo's blaster?DL-44
21%
What does ATTE stand for?All terrain tactical enforcer
15%
What is the name of the youngling that is killed infront of Bail Organa?Zett Jukassa
7%
What was the imperial shuttle that took the rebels to endor?Shuttle Tydirium
6%
What ship does Yoda order to be shot down on Geonosis?Core ship
5%
What droid tanks are used in the battle of Genosis?Hellfire Tanks
3%

Score Distribution

Percentile by Number Answered

Percent of People with Each Score

Your Score History

You have not taken this quiz since the last reset